000 00513nam a22001937a 4500
003 OSt
005 20230118111414.0
008 230118b |||||||| |||| 00| 0 eng d
020 _a9788179924228
082 _a954.035092
_bA56M
100 _aAndrews, Charles F.
_eAuthor
245 _aMahatma Gandhi : his life and ideas
_cby Charles F. Andrews
260 _aMumbai
_bJaico Publishing
_c2019
300 _axxxi, 301 p.
651 _aIndia
653 _aStatesmen
653 _aNationalists
942 _2ddc
_cBK
999 _c25925
_d25925